Statistics for Countries that Visit Spain the Most

Click here to take the quiz!

General Stats

  • This quiz has been taken 437 times
  • The average score is 10 of 12

Answer Stats

VisitorsCountry% Correct
10,598,974France
100%
15,000,668United Kingdom
100%
10,420,411Germany
97%
3,680,944Italy
97%
1,876,367Portugal
96%
2,764,634Netherlands
85%
2,177,818Belgium
83%
1,420,467Russia
82%
1,631,797Switzerland
82%
1,773,947Sweden
78%
1,291,395Ireland
76%
1,532,907Norway
68%

Score Distribution

Percentile by Number Answered

Percent of People with Each Score

Your Score History

You have not taken this quiz